[Event "Hastings Premier 1983/84 59th"]
[Site "Hastings"]
[Date "1983.12.28"]
[Round "1"]
[White "Gurevich, Dmitry"]
[Black "Csom, Istvan"]
[Result "0-1"]
[WhiteElo "2510"]
[BlackElo "2500"]
[PlyCount "58"]
[EventDate "1983.12.28"]
[EventType "tourn"]
[EventRounds "13"]
[EventCountry "ENG"]
[EventCategory "11"]
[SourceTitle "Britbase"]
[Source "John Saunders"]
[SourceDate "2025.01.01"]
[SourceVersion "1"]
[SourceVersionDate "2025.01.01"]
[SourceQuality "1"]

1. Nf3 Nf6 2. c4 e6 3. Nc3 d5 4. d4 Nbd7 5. cxd5 exd5 6. Bf4 c6 7. e3 Nh5 8. Bg3 g6 9. Bd3 Nxg3 10. hxg3 Bg7 11. Qc2 O-O 12. O-O-O Re8 13. Kb1 Nf8 14. e4 dxe4 15. Nxe4 Be6 16. Neg5 Bd5 17. Bc4 h6 18. Nh3 Be4 19. Bd3 Bxf3 20. gxf3 Ne6 21. Bc4 Qf6 22. Bxe6 Rxe6 23. Rd3 (23. Nf4 Rd6 24. Rd3 {is the move order given at chessgames.com}) 23... Rd6 24. Nf4 Rxd4 25. Rxd4 Qxd4 26. Rd1 Qf6 27. Rd7 Re8 28. a3 Re1+ 29. Ka2 g5 {Sources: bulletin; CHESS, January 1984, Vol.48/913-4, p205} 0-1

[Event "Hastings Premier 1983/84 59th"]
[Site "Hastings"]
[Date "1983.12.28"]
[Round "1"]
[White "Karlsson, Lars"]
[Black "Sax, Gyula"]
[Result "1/2-1/2"]
[WhiteElo "2505"]
[BlackElo "2570"]
[PlyCount "84"]
[EventDate "1983.12.28"]
[EventType "tourn"]
[EventRounds "13"]
[EventCountry "ENG"]
[EventCategory "11"]
[SourceTitle "Britbase"]
[Source "John Saunders"]
[SourceDate "2025.01.01"]
[SourceVersion "1"]
[SourceVersionDate "2025.01.01"]
[SourceQuality "1"]

1. c4 Nf6 2. Nc3 e5 3. g3 Bb4 4. Bg2 O-O 5. Nf3 Nc6 6. O-O e4 7. Ng5 Bxc3 8. dxc3 Re8 9. Qc2 Qe7 10. Nh3 h6 11. Nf4 Qe5 12. Rd1 Ne7 13. Be3 c5 14. Qd2 b6 15. b4 Ba6 16. bxc5 bxc5 17. Qd6 Qxd6 18. Rxd6 Bxc4 19. Bxc5 Nf5 20. Rxf6 gxf6 21. Nh5 Kh8 22. Nxf6 Rec8 23. Ba3 d5 24. Bh3 Rc6 25. Nd7 Ra6 26. Bc5 Ng7 27. a4 Bxe2 28. Bd4 Rd8 29. Nf6 Rb8 30. Bd7 Rd8 31. Re1 Bf3 32. Bb5 Re6 33. g4 a6 34. Be2 Bxe2 35. Rxe2 Rdd6 36. Nh5 f6 37. Nf4 Re8 38. Rb2 Kg8 39. h4 Ne6 40. Nxe6 Rdxe6 41. h5 R8e7 42. Kg2 Kf7 1/2-1/2

[Event "Hastings Premier 1983/84 59th"]
[Site "Hastings"]
[Date "1983.12.29"]
[Round "2"]
[White "Ftacnik, Lubomir"]
[Black "Ivanov, Igor Vasilievich"]
[Result "1/2-1/2"]
[WhiteElo "2535"]
[BlackElo "2515"]
[PlyCount "112"]
[EventDate "1983.12.28"]
[EventType "tourn"]
[EventRounds "13"]
[EventCountry "ENG"]
[EventCategory "11"]
[SourceTitle "Britbase"]
[Source "John Saunders"]
[SourceDate "2025.01.01"]
[SourceVersion "1"]
[SourceVersionDate "2025.01.01"]
[SourceQuality "1"]

1. d4 Nf6 2. c4 g6 3. Nc3 Bg7 4. e4 O-O 5. Nf3 d6 6. Be2 e5 7. O-O Nc6 8. d5 Ne7 9. Ne1 Nd7 10. Nd3 f5 11. Bd2 Nf6 12. f3 f4 13. c5 g5 14. Rc1 Ng6 15. cxd6 cxd6 16. Nb5 Rf7 17. Qc2 g4 18. Nc7 gxf3 19. gxf3 Bh3 20. Ne6 Qe7 21. Rf2 Bh6 22. Kh1 Kh8 23. Qb3 Bxe6 24. dxe6 Rg7 25. Rg2 Nf8 26. Rxg7 Bxg7 27. Nb4 Nxe6 28. Bc4 Nd4 29. Qd1 Rc8 30. Nd5 Qe8 31. Nxf6 Bxf6 32. Bd5 Rxc1 33. Bxc1 Qh5 34. Kg2 Qg5+ 35. Kf1 Qh6 36. Kg2 Bd8 37. Bd2 Bb6 38. Be1 Nc6 39. Bc3 Qg5+ 40. Kh1 Ne7 41. Bxb7 Ng6 42. Bc8 h5 43. Bh3 Nh4 44. Bb4 Nxf3 45. Bxd6 Nd2 46. Qc1 Nc4 47. Be7 Qxe7 48. Qxc4 f3 49. Qe6 (49. Qc6 Qg5 50. Qe8+ {is the sequence given on Mega2022 but the bulletin and Tournament Chess Vol.13 show 49 Qe6}) 49... Qg5 50. Qe8+ Kg7 51. Qd7+ Kh6 52. Qd6+ Qg6 53. Qf8+ Qg7 54. Qxg7+ Kxg7 55. Bd7 Kg6 56. h4 Bf2 {Sources: bulletin; Tournament Chess Vol.13, p23} 1/2-1/2

[Event "Hastings Premier 1983/84 59th"]
[Site "Hastings"]
[Date "1983.12.29"]
[Round "2"]
[White "Kudrin, Sergey Gennadyevich"]
[Black "Short, Nigel D"]
[Result "1/2-1/2"]
[WhiteElo "2510"]
[BlackElo "2475"]
[PlyCount "31"]
[EventDate "1983.12.28"]
[EventType "tourn"]
[EventRounds "13"]
[EventCountry "ENG"]
[EventCategory "11"]
[SourceTitle "Britbase"]
[Source "John Saunders"]
[SourceDate "2025.01.01"]
[SourceVersion "1"]
[SourceVersionDate "2025.01.01"]
[SourceQuality "1"]

1. e4 d6 2. d4 Nf6 3. Nc3 g6 4. g3 Bg7 5. Bg2 O-O 6. Nge2 e5 ({Mega2022 gives} 6... c5 {but older sources give the text.}) 7. O-O exd4 8. Nxd4 Bg4 9. Nde2 Qc8 10. Re1 Nc6 11. f3 Bh3 12. Bh1 Bd7 13. Be3 Re8 14. Bf2 a6 15. a4 b6 16. g4 {Sources: bulletin; Tournament Chess, Vol.13, p23} 1/2-1/2

[Event "Hastings Premier 1983/84 59th"]
[Site "Hastings"]
[Date "1983.12.29"]
[Round "2"]
[White "Sax, Gyula"]
[Black "Mestel, A Jonathan"]
[Result "0-1"]
[WhiteElo "2570"]
[BlackElo "2500"]
[PlyCount "110"]
[EventDate "1983.12.28"]
[EventType "tourn"]
[EventRounds "13"]
[EventCountry "ENG"]
[EventCategory "11"]
[SourceTitle "Britbase"]
[Source "John Saunders"]
[SourceDate "2025.01.01"]
[SourceVersion "1"]
[SourceVersionDate "2025.01.01"]
[SourceQuality "1"]

1. e4 c5 2. Nf3 d6 3. d4 cxd4 4. Nxd4 Nf6 5. Nc3 g6 6. Be3 Bg7 7. f3 O-O 8. Qd2 Nc6 9. O-O-O d5 10. exd5 Nxd5 11. Nxc6 bxc6 12. Bd4 e5 13. Bc5 Re8 14. Ne4 f5 15. Bc4 fxe4 16. fxe4 Qh4 17. Qd3 Kh8 18. exd5 Bf5 19. Qe2 cxd5 20. Rxd5 Rac8 21. g3 Qe4 22. Rhd1 Qxe2 23. Bxe2 Be4 24. Ba6 Bxd5 25. Bxc8 Bxa2 26. b3 Rxc8 27. Kb2 Rxc5 28. Rd8+ Bf8 29. Rxf8+ Kg7 30. Rf2 Bxb3 31. Kxb3 a5 32. c4 e4 33. Re2 Re5 34. Re3 Kf6 35. Kc2 Kf5 36. Kc3 Ke6 37. Kd2 Kd6 38. Ra3 e3+ 39. Ke2 g5 40. h3 Kc6 41. Ra2 Kb6 42. Ra4 Ka6 43. Ra1 Re4 44. Kd3 Re8 45. Ke2 Re5 46. Rc1 a4 47. c5 Re7 48. c6 Rc7 49. Kxe3 Kb5 50. h4 gxh4 51. gxh4 Rxc6 52. Rb1+ Ka5 53. Kd3 a3 54. h5 Ka4 55. Rb7 a2 0-1

[Event "Hastings Premier 1983/84 59th"]
[Site "Hastings"]
[Date "1983.12.29"]
[Round "2"]
[White "Suba, Mihai"]
[Black "Martin, Andrew D"]
[Result "1/2-1/2"]
[WhiteElo "2555"]
[BlackElo "2340"]
[PlyCount "220"]
[EventDate "1983.12.28"]
[EventType "tourn"]
[EventRounds "13"]
[EventCountry "ENG"]
[EventCategory "11"]
[SourceTitle "Britbase"]
[Source "John Saunders"]
[SourceDate "2025.01.01"]
[SourceVersion "1"]
[SourceVersionDate "2025.01.01"]
[SourceQuality "1"]

1. d4 Nf6 2. Nf3 e6 3. g3 b6 4. Bg2 Bb7 5. O-O Be7 6. c4 O-O 7. Qc2 c5 8. dxc5 bxc5 9. Bg5 Nc6 10. Rd1 d6 11. Nc3 Qb8 12. Rd2 h6 13. Bxf6 Bxf6 14. Rad1 Rd8 15. h4 a6 16. Ne4 Be7 17. g4 Nb4 18. Qb1 d5 19. cxd5 Nxd5 20. e3 Qc7 21. g5 f5 22. gxf6 Nxf6 23. Ng3 Rxd2 24. Rxd2 Rd8 25. b3 Rd6 26. Qc2 Qd7 27. Rxd6 Bxd6 28. Nf1 Qf7 29. N3d2 Bxg2 30. Kxg2 Qh5 31. Qc4 Qg6+ 32. Ng3 Bxg3 33. fxg3 Qf5 34. e4 Qe5 35. Qxa6 g5 36. hxg5 hxg5 37. a4 Kf7 38. Qe2 g4 39. Nc4 Qh5 40. Qf2 Ke7 41. Qe3 Qh3+ 42. Kg1 Nxe4 43. Qxe4 Qxg3+ 44. Kf1 Qxb3 45. a5 Qh3+ 46. Ke2 Qh2+ 47. Kd3 g3 48. Ne3 Qb2 49. Qh7+ Kd8 50. Qg8+ Kd7 51. Qf7+ Kd8 52. Qf6+ Kd7 53. Qf7+ Kd8 54. Qf8+ Kd7 55. Qxc5 Qb1+ 56. Ke2 Qb2+ 57. Kd3 g2 58. Qa7+ Kc8 59. Qa6+ ({Chessgames.com gives} 59. Qa8+ Kc7 60. Qa7+ {- other sources give the text.}) 59... Kc7 60. Qa7+ Kc8 61. Qa8+ Kc7 62. Nxg2 Qb1+ 63. Ke3 Qb7 64. Qg8 Qa7+ 65. Kf3 Qxa5 66. Qxe6 Qc3+ 67. Kf2 Qb2+ 68. Kg3 Qg7+ 69. Kh2 Qh8+ 70. Kg1 Qa1+ 71. Ne1 Qd4+ 72. Kf1 Qf4+ 73. Ke2 Qh2+ 74. Ke3 Qg1+ 75. Kf3 Qh1+ 76. Kg3 Qc6 77. Qe7+ Qd7 78. Qg5 Qd6+ 79. Kg2 Qc6+ 80. Nf3 Qe4 81. Kg3 Qd3 82. Qc5+ Kb7 83. Kf4 Qh7 84. Ne5 Qh6+ 85. Kg4 Qg7+ 86. Kf3 Qf6+ 87. Ke4 Qh4+ 88. Kd3 Qh7+ 89. Kd2 Qh6+ 90. Kc2 Qh7+ 91. Kb2 Qc7 92. Qd5+ Kc8 93. Qe6+ Kb7 94. Nc4 Ka7 95. Nd6 Qb6+ 96. Kc3 Qc5+ 97. Kb3 Qb6+ 98. Kc4 Qc6+ 99. Kb4 Kb6 100. Qe3+ Kc7 101. Qe7+ Qd7 102. Nb5+ Kc8 103. Qf8+ Kb7 104. Qf3+ Kb8 105. Qe4 Qd2+ 106. Kc5 Qg5+ 107. Kc6 Qc1+ 108. Kb6 Qh6+ 109. Ka5 Qd2+ 110. Ka6 Qh6+ {Sources: bulletin; Tournament Chess, Vol.13, p23} 1/2-1/2

[Event "Hastings Premier 1983/84 59th"]
[Site "Hastings"]
[Date "1983.12.30"]
[Round "3"]
[White "Csom, Istvan"]
[Black "Hebden, Mark L"]
[Result "1/2-1/2"]
[WhiteElo "2500"]
[BlackElo "2495"]
[PlyCount "40"]
[EventDate "1983.12.28"]
[EventType "tourn"]
[EventRounds "13"]
[EventCountry "ENG"]
[EventCategory "11"]
[SourceTitle "Britbase"]
[Source "John Saunders"]
[SourceDate "2025.01.01"]
[SourceVersion "1"]
[SourceVersionDate "2025.01.01"]
[SourceQuality "1"]

1. Nf3 Nf6 2. c4 g6 3. b4 Bg7 4. Bb2 c6 5. e3 d6 6. Be2 O-O 7. O-O e5 8. d3 Nbd7 9. Nbd2 Qe7 10. Qb3 Ne8 11. Rfe1 Kh8 12. c5 dxc5 13. bxc5 Nc7 14. Rac1 f5 15. Qc2 g5 16. Nc4 g4 17. Nfd2 Ne6 18. Bf1 Ng5 19. Nd6 Nf6 20. N2c4 Ne8 1/2-1/2

[Event "Hastings Premier 1983/84 59th"]
[Site "Hastings"]
[Date "1983.12.30"]
[Round "3"]
[White "Karlsson, Lars"]
[Black "Suba, Mihai"]
[Result "1-0"]
[WhiteElo "2505"]
[BlackElo "2555"]
[PlyCount "81"]
[EventDate "1983.12.28"]
[EventType "tourn"]
[EventRounds "13"]
[EventCountry "ENG"]
[EventCategory "11"]
[SourceTitle "Britbase"]
[Source "John Saunders"]
[SourceDate "2025.01.01"]
[SourceVersion "1"]
[SourceVersionDate "2025.01.01"]
[SourceQuality "1"]

1. c4 g6 2. Nc3 Bg7 3. g3 e5 4. Bg2 Ne7 5. e3 O-O 6. h4 c6 7. Qb3 Na6 8. Nge2 Nc5 9. Qc2 Ne6 10. Qb3 b6 11. h5 d5 12. hxg6 Nc5 13. gxh7+ Kh8 14. Qd1 Nd3+ 15. Kf1 dxc4 16. b3 f5 17. f4 e4 18. Ba3 cxb3 19. axb3 c5 20. Kg1 Rf6 21. g4 Rg6 22. g5 Rd6 23. Ra2 Be6 24. Bf1 Nc6 25. Rh2 Na5 26. Qb1 Bxb3 27. Ng3 Bxa2 28. Qxa2 Ne1 29. Ncxe4 Nf3+ 30. Kh1 fxe4 31. Bb2 Nxh2 32. Bxg7+ Kxg7 33. Nf5+ Kh8 34. Qb2+ Rd4 35. exd4 Kxh7 36. Kxh2 Qd5 37. g6+ Kxg6 38. Ne7+ Kf7 39. Nxd5 Rh8+ 40. Kg1 Rg8+ 41. Kf2 1-0

[Event "Hastings Premier 1983/84 59th"]
[Site "Hastings"]
[Date "1983.12.30"]
[Round "3"]
[White "Martin, Andrew D"]
[Black "Ftacnik, Lubomir"]
[Result "1/2-1/2"]
[WhiteElo "2340"]
[BlackElo "2535"]
[PlyCount "44"]
[EventDate "1983.12.28"]
[EventType "tourn"]
[EventRounds "13"]
[EventCountry "ENG"]
[EventCategory "11"]
[SourceTitle "Britbase"]
[Source "John Saunders"]
[SourceDate "2025.01.01"]
[SourceVersion "1"]
[SourceVersionDate "2025.01.01"]
[SourceQuality "1"]

1. e4 c5 2. Nf3 d6 3. Nc3 Nf6 4. e5 dxe5 5. Nxe5 Nbd7 6. Nc4 Nb6 7. b3 e6 8. Bb2 Be7 9. Qf3 O-O 10. Nxb6 Qxb6 11. Bd3 Bd7 12. O-O Rac8 13. Rab1 Rfd8 14. Ne4 Ne8 15. Rfe1 Bb5 16. Bxb5 Qxb5 17. d3 Qc6 18. a4 a6 19. a5 Rd7 20. Qh3 Bd8 21. Bc3 Nd6 22. Nxd6 Qxd6 1/2-1/2

[Event "Hastings Premier 1983/84 59th"]
[Site "Hastings"]
[Date "1983.12.31"]
[Round "4"]
[White "Kudrin, Sergey Gennadyevich"]
[Black "Csom, Istvan"]
[Result "1/2-1/2"]
[WhiteElo "2510"]
[BlackElo "2500"]
[PlyCount "34"]
[EventDate "1983.12.28"]
[EventType "tourn"]
[EventRounds "13"]
[EventCountry "ENG"]
[EventCategory "11"]
[SourceTitle "Britbase"]
[Source "John Saunders"]
[SourceDate "2025.01.01"]
[SourceVersion "1"]
[SourceVersionDate "2025.01.01"]
[SourceQuality "1"]

1. e4 c5 2. Nf3 a6 3. c4 d6 4. d4 cxd4 5. Nxd4 Nf6 6. Nc3 Nbd7 7. Be2 b6 8. O-O Bb7 9. f3 e6 10. Be3 Be7 11. Rc1 O-O 12. Qe1 Re8 13. Qf2 Rc8 14. Rfd1 Qc7 15. b4 Qb8 16. a3 Bd8 17. Kh1 h6 1/2-1/2

[Event "Hastings Premier 1983/84 59th"]
[Site "Hastings"]
[Date "1983.12.31"]
[Round "4"]
[White "Suba, Mihai"]
[Black "Mestel, A Jonathan"]
[Result "1/2-1/2"]
[WhiteElo "2555"]
[BlackElo "2500"]
[PlyCount "160"]
[EventDate "1983.12.28"]
[EventType "tourn"]
[EventRounds "13"]
[EventCountry "ENG"]
[EventCategory "11"]
[SourceTitle "Britbase"]
[Source "John Saunders"]
[SourceDate "2025.01.01"]
[SourceVersion "1"]
[SourceVersionDate "2025.01.01"]
[SourceQuality "1"]

1. d4 Nf6 2. c4 g6 3. Nc3 Bg7 4. e4 d6 5. h3 Nbd7 6. Bg5 e5 7. d5 h6 8. Be3 Nc5 9. Qc2 a5 10. g4 h5 11. g5 Nh7 12. Nf3 f6 13. gxf6 Qxf6 14. Be2 O-O 15. O-O-O Bd7 16. Rdg1 Kh8 17. Rg3 Be8 18. Rhg1 Qe7 19. Bd1 Rg8 20. Qd2 Bf7 21. Bc2 b6 22. Kb1 Raf8 23. a3 Be8 24. Ne1 Bf6 25. b4 axb4 26. axb4 Na6 27. Nd3 Bh4 28. R3g2 Rf3 29. Bd1 Rxh3 30. Bxh5 Bxf2 31. Qxf2 Rxh5 32. Qa2 Rh3 33. Re2 Nb8 34. Qa7 Qd8 35. Nf2 Rh2 36. Ng4 Rxe2 37. Nxe2 Nd7 38. Rh1 Rg7 39. Nc3 g5 40. Qa2 Ndf6 41. Nh6 g4 42. Nf5 Rg8 43. Qh2 Bg6 44. Ng3 Rg7 45. Kb2 Ng8 46. Qe2 Qd7 47. Rh4 Ngf6 48. Bg5 Kg8 49. Bh6 Rf7 50. Rh1 Ne8 51. Rg1 Kh8 52. Nf1 Nhf6 53. Bg5 Rh7 54. Qf2 Qf7 55. Ng3 Nh5 56. Qxf7 Rxf7 57. Nxh5 Bxh5 58. Rh1 Rh7 59. Ne2 g3 60. Nxg3 Bg4 61. Rxh7+ Kxh7 62. b5 Kg6 63. Bd8 Bd1 64. Kc3 Bf3 65. Kd3 Bg2 66. Ke3 Bh3 67. Kf2 Bg4 68. Nf1 Bd1 69. Ke3 Bc2 70. Ng3 Bb1 71. Kd2 Ba2 72. Kc3 Bb1 73. Kb2 Bd3 74. Kb3 Bb1 75. Kc3 Kf7 76. Kd2 Ba2 77. Kd3 Bb1+ 78. Ke3 Ba2 79. Nf5 Bxc4 80. Bxc7 Bxd5 1/2-1/2

[Event "Hastings Premier 1983/84 59th"]
[Site "Hastings"]
[Date "1984.01.02"]
[Round "5"]
[White "Csom, Istvan"]
[Black "Sax, Gyula"]
[Result "1/2-1/2"]
[WhiteElo "2500"]
[BlackElo "2570"]
[PlyCount "33"]
[EventDate "1983.12.28"]
[EventType "tourn"]
[EventRounds "13"]
[EventCountry "ENG"]
[EventCategory "11"]
[SourceTitle "Britbase"]
[Source "John Saunders"]
[SourceDate "2025.01.01"]
[SourceVersion "1"]
[SourceVersionDate "2025.01.01"]
[SourceQuality "1"]

1. c4 g6 2. g3 c5 3. Bg2 Nc6 4. Nc3 Bg7 5. e3 e6 6. Nge2 Nge7 7. O-O O-O 8. d4 cxd4 9. Nxd4 d5 10. cxd5 Nxd4 11. exd4 Nxd5 12. Nxd5 exd5 13. Be3 Be6 14. Qb3 Qd7 15. Rfc1 Rfc8 16. h4 h5 17. a4 1/2-1/2

[Event "Hastings Premier 1983/84 59th"]
[Site "Hastings"]
[Date "1984.01.02"]
[Round "5"]
[White "Gurevich, Dmitry"]
[Black "Speelman, Jonathan S"]
[Result "1/2-1/2"]
[WhiteElo "2510"]
[BlackElo "2535"]
[PlyCount "66"]
[EventDate "1983.12.28"]
[EventType "tourn"]
[EventRounds "13"]
[EventCountry "ENG"]
[EventCategory "11"]
[SourceTitle "Britbase"]
[Source "John Saunders"]
[SourceDate "2025.01.01"]
[SourceVersion "1"]
[SourceVersionDate "2025.01.01"]
[SourceQuality "1"]

1. d4 Nf6 2. c4 e6 3. Nc3 Bb4 4. e3 O-O 5. Bd3 d5 6. Nge2 dxc4 7. Bxc4 e5 8. a3 Bd6 9. dxe5 Bxe5 10. Qxd8 Rxd8 11. e4 Nc6 12. f3 Na5 13. Ba2 Be6 14. Bxe6 fxe6 15. Rb1 Nb3 16. Be3 c5 17. Kf2 Bd4 18. Nf4 Kf7 19. Rhd1 g5 20. Nd3 e5 21. Ne2 c4 22. Nb4 Kg6 23. Nc2 Bc5 24. Nc3 b6 25. Bxc5 Nxc5 26. Nb4 Kf7 27. Nb5 a6 28. Nc7 Rxd1 29. Rxd1 Ra7 30. Ncd5 Rd7 31. Ke2 b5 32. Nxf6 Rxd1 33. Kxd1 Kxf6 1/2-1/2

[Event "Hastings Premier 1983/84 59th"]
[Site "Hastings"]
[Date "1984.01.02"]
[Round "5"]
[White "Hebden, Mark L"]
[Black "Kudrin, Sergey Gennadyevich"]
[Result "1-0"]
[WhiteElo "2495"]
[BlackElo "2510"]
[PlyCount "51"]
[EventDate "1983.12.28"]
[EventType "tourn"]
[EventRounds "13"]
[EventCountry "ENG"]
[EventCategory "11"]
[SourceTitle "Britbase"]
[Source "John Saunders"]
[SourceDate "2025.01.01"]
[SourceVersion "1"]
[SourceVersionDate "2025.01.01"]
[SourceQuality "1"]

1. e4 c5 2. f4 d5 3. exd5 Qxd5 4. Nc3 Qd8 5. Nf3 g6 6. Ne5 Bg7 7. Bb5+ Nd7 8. d4 cxd4 9. Qxd4 Ngf6 10. Be3 O-O 11. O-O-O Qa5 12. h3 Nxe5 13. fxe5 Ne8 14. Bg5 a6 15. Bc4 Bxe5 16. Qe3 Nd6 17. Rd5 Qb4 18. Bb3 Bxc3 19. bxc3 Qa3+ 20. Kb1 Be6 21. Rhd1 Rac8 22. Rxd6 Bxb3 23. axb3 f6 24. Bh6 exd6 25. Qe6+ Kh8 26. Qe7 1-0

[Event "Hastings Premier 1983/84 59th"]
[Site "Hastings"]
[Date "1984.01.02"]
[Round "5"]
[White "Short, Nigel D"]
[Black "Suba, Mihai"]
[Result "1-0"]
[WhiteElo "2475"]
[BlackElo "2555"]
[PlyCount "79"]
[EventDate "1983.12.28"]
[EventType "tourn"]
[EventRounds "13"]
[EventCountry "ENG"]
[EventCategory "11"]
[SourceTitle "Britbase"]
[Source "John Saunders"]
[SourceDate "2025.01.01"]
[SourceVersion "1"]
[SourceVersionDate "2025.01.01"]
[SourceQuality "1"]

1. e4 c5 2. Nf3 d6 3. d4 Nf6 4. Nc3 cxd4 5. Nxd4 e6 6. g4 h6 7. Bg2 Nc6 8. Nb3 a6 9. h3 Qc7 10. a4 b6 11. O-O Rb8 12. Qe2 Be7 13. f4 Nd7 14. Be3 Nc5 15. Nd4 Bb7 16. Nxc6 Qxc6 17. Bd4 f6 18. f5 e5 19. Be3 Rc8 20. Rfd1 Bd8 21. Rd2 Rc7 22. Ra3 g5 23. b4 Nd7 24. Bf1 Rc8 25. Qd1 Qc7 26. Rxd6 Be7 27. Re6 Nf8 28. Rxb6 Nd7 29. Rxb7 Qxb7 30. Nd5 a5 31. Bb5 Kf7 32. Rd3 Rhd8 33. Nxe7 Kxe7 34. bxa5 Qc7 35. Rd5 Nc5 36. Qd2 Rxd5 37. exd5 Kd6 38. Bc6 Rb8 39. Bxc5+ Kxc5 40. Qc3+ {Sources: bulletin; CHESS, January 1984, Vol.48/913-4, p211; Tournament Chess Vol.13, p26} 1-0

[Event "Hastings Premier 1983/84 59th"]
[Site "Hastings"]
[Date "1984.01.03"]
[Round "6"]
[White "Alburt, Lev O"]
[Black "Kudrin, Sergey Gennadyevich"]
[Result "0-1"]
[WhiteElo "2570"]
[BlackElo "2510"]
[PlyCount "136"]
[EventDate "1983.12.28"]
[EventType "tourn"]
[EventRounds "13"]
[EventCountry "ENG"]
[EventCategory "11"]
[SourceTitle "Britbase"]
[Source "John Saunders"]
[SourceDate "2025.01.01"]
[SourceVersion "1"]
[SourceVersionDate "2025.01.01"]
[SourceQuality "1"]

1. d4 Nf6 2. c4 e6 3. g3 c5 4. d5 exd5 5. cxd5 d6 6. Nc3 g6 7. Nf3 Bg7 8. Bg2 O-O 9. O-O Re8 10. Bf4 Nh5 11. Bg5 Qb6 12. Qc1 Nd7 13. Bh6 Bh8 14. h3 a6 15. g4 Nhf6 16. Nd2 Qc7 17. f4 b5 18. f5 Bb7 19. e4 Ne5 20. g5 Nfd7 21. f6 c4 22. Qe1 Nd3 23. Qh4 N7e5 24. Nf3 Nxb2 25. Nd4 b4 26. Nce2 c3 27. Kh2 Nbc4 28. Bg7 Bxg7 29. fxg7 Kxg7 30. Ng3 Kh8 31. Rf6 Rg8 32. Qf4 Rae8 33. Bf1 Nd2 34. Be2 Re7 35. h4 Qc5 36. Nc2 Rge8 37. h5 Nxe4 38. Qxe4 Nd7 39. Qf3 Bxd5 40. Qf2 Be4 41. Nd4 Nxf6 42. Qxf6+ Kg8 43. Bxa6 Qe5 44. a3 bxa3 45. Rxa3 Qxf6 46. gxf6 Rc7 47. Ra1 d5 48. Bb5 Rec8 49. h6 c2 50. Rc1 Rb8 51. Nge2 Kf8 52. Kg3 Rb6 53. Rf1 Rc5 54. Ra1 Rxf6 55. Ra8+ Ke7 56. Nc1 Rb6 57. Ra7+ Kf6 58. Be8 Kg5 59. Bxf7 Rc3+ 60. Kf2 Rb1 61. Nde2 Rf3+ 62. Ke1 Rh3 63. Kd2 Rh1 64. Bxd5 Rd1+ 65. Kc3 Rxd5 66. Rxh7 Bf5 67. Rh8 Rd1 68. h7 Kh6 0-1

[Event "Hastings Premier 1983/84 59th"]
[Site "Hastings"]
[Date "1984.01.03"]
[Round "6"]
[White "Ivanov, Igor Vasilievich"]
[Black "Mestel, A Jonathan"]
[Result "0-1"]
[WhiteElo "2515"]
[BlackElo "2500"]
[PlyCount "108"]
[EventDate "1983.12.28"]
[EventType "tourn"]
[EventRounds "13"]
[EventCountry "ENG"]
[EventCategory "11"]
[SourceTitle "Britbase"]
[Source "John Saunders"]
[SourceDate "2025.01.01"]
[SourceVersion "1"]
[SourceVersionDate "2025.01.01"]
[SourceQuality "1"]

1. d4 Nf6 2. Nf3 g6 3. c4 Bg7 4. g3 O-O 5. Bg2 d6 6. O-O Nc6 7. Nc3 a6 8. h3 Rb8 9. a4 a5 10. e4 e5 11. Bg5 exd4 12. Nxd4 Nxd4 13. Qxd4 h6 14. Bd2 Be6 15. Qd3 Nd7 16. b3 Nc5 17. Qc2 c6 18. Rfd1 g5 19. Be3 Qe7 20. Bd4 Be5 21. Rd2 f5 22. Bxe5 dxe5 23. exf5 Bxf5 24. Ne4 Rbd8 25. Re1 Rxd2 26. Qxd2 Bxe4 27. Bxe4 Nxb3 28. Qc3 Qb4 29. Qe3 Qc5 30. Bg2 Rf5 31. Be4 Rf6 32. Bg2 Rf5 33. Be4 Rf7 ({The score as given on chessgames.com gives four extra half-moves and a near-repetition, thus} 33... Rf6 34. Bg2 Rf5 35. Be4 Rf7 {and the rest of the score is identical.}) 34. Bg6 Rf6 35. Bh5 e4 36. Qxe4 Qxf2+ 37. Kh1 Qf5 38. Qe8+ Rf8 39. Qe6+ Qxe6 40. Rxe6 Rf1+ 41. Kg2 Ra1 42. Rxh6 Rxa4 43. Rg6+ Kf8 44. Rxg5 Rb4 45. Bd1 a4 46. h4 Rxc4 47. h5 Rd4 48. Bxb3 axb3 49. h6 Rd2+ 50. Kh3 Rd6 51. Rf5+ Ke7 52. Rf3 Rxh6+ 53. Kg4 b2 54. Rb3 Rh2 {Sources: bulletin; Tournament Chess Vol.13, p27} 0-1

[Event "Hastings Premier 1983/84 59th"]
[Site "Hastings"]
[Date "1984.01.03"]
[Round "6"]
[White "Martin, Andrew D"]
[Black "Karlsson, Lars"]
[Result "1/2-1/2"]
[WhiteElo "2340"]
[BlackElo "2505"]
[PlyCount "31"]
[EventDate "1983.12.28"]
[EventType "tourn"]
[EventRounds "13"]
[EventCountry "ENG"]
[EventCategory "11"]
[SourceTitle "Britbase"]
[Source "John Saunders"]
[SourceDate "2025.01.01"]
[SourceVersion "1"]
[SourceVersionDate "2025.01.01"]
[SourceQuality "1"]

1. d4 Nf6 2. Nf3 e6 3. c4 c5 4. d5 exd5 5. cxd5 d6 6. Nc3 g6 7. e4 Bg7 8. Nd2 O-O 9. Be2 Re8 10. O-O Nbd7 11. Qc2 a6 12. a4 Ne5 13. Ra3 Nh5 14. Bxh5 gxh5 15. Nd1 Qh4 16. Ne3 1/2-1/2

[Event "Hastings Premier 1983/84 59th"]
[Site "Hastings"]
[Date "1984.01.03"]
[Round "6"]
[White "Sax, Gyula"]
[Black "Hebden, Mark L"]
[Result "1/2-1/2"]
[WhiteElo "2570"]
[BlackElo "2495"]
[PlyCount "85"]
[EventDate "1983.12.28"]
[EventType "tourn"]
[EventRounds "13"]
[EventCountry "ENG"]
[EventCategory "11"]
[SourceTitle "Britbase"]
[Source "John Saunders"]
[SourceDate "2025.01.01"]
[SourceVersion "1"]
[SourceVersionDate "2025.01.01"]
[SourceQuality "1"]

1. e4 e5 2. Nf3 Nc6 3. Bb5 a6 4. Ba4 Nf6 5. O-O Be7 6. Re1 b5 7. Bb3 O-O 8. a4 Bb7 9. d3 d6 10. c3 Nd7 11. Be3 Na5 12. Ba2 c5 13. Na3 b4 14. cxb4 cxb4 15. Nc4 Nxc4 16. Bxc4 Kh8 17. a5 f5 18. Bd2 Nc5 19. Bxb4 fxe4 20. dxe4 Bxe4 21. Bd5 Bxd5 22. Qxd5 e4 23. Bxc5 exf3 24. Bb6 Qd7 25. Ra3 fxg2 26. b4 Bf6 27. Re6 Qc8 28. Rh3 Be5 29. Bc5 h6 30. Rh5 Re8 31. Rg6 Rf8 32. Be3 Qc2 33. Rgxh6+ gxh6 34. Rxh6+ Kg7 35. Qxg2+ Kf7 36. Qf3+ Kg7 37. Qb7+ Kg8 38. Qd5+ Kg7 39. Qg2+ Kf7 40. Qf3+ Kg7 41. Qg4+ Kf7 42. Qe6+ Kg7 43. Qg4+ 1/2-1/2